| 000 | 00577nam a2200193 a 4500 | ||
|---|---|---|---|
| 003 | OSt | ||
| 005 | 20140311163027.0 | ||
| 008 | 081217s19uu xx 00 eng d | ||
| 020 | _a978-0-07-147224-1 | ||
| 050 |
_aTS 155 _b.L2534 2007 |
||
| 100 |
_aLangford, John W. _930700 |
||
| 245 |
_aLogistics : _bprinciples and applications. / _cJohn W. Langford |
||
| 260 |
_aNew York : _bSole Press, Mc-Graw Hill, _c2007. |
||
| 300 |
_a578 p. : _c25 cm. |
||
| 650 |
_aProduction management. _918893 |
||
| 650 |
_aBusiness logistics. _930701 |
||
| 942 |
_cBK _2lcc _kFOR |
||
| 999 |
_c39571 _d39571 |
||